Desarrollo de una herramienta computacional para el cálculo de socavación local y por contratación en puentes

Uloženo v:
Podrobná bibliografie
Hlavní autor: Morales Oreamuno, María Fernanda, 1992-
Další autoři: Serrano Pacheco, Alberto, 1976- Director del TFG
Médium: Kniha
Jazyk:Spanish
Vydáno: [San José], Costa Rica 2017
Témata:
Tagy: Přidat tag
Žádné tagy, Buďte první, kdo vytvoří štítek k tomuto záznamu!

MARC

LEADER 00000nam a22000007a 4500
003 012583
005 20231127105405.0
008 170428b2017 cr a|||| m||| 00| ||spa d
040 |c cru CEDI 
090 |a TFG 7735 
100 |a Morales Oreamuno, María Fernanda, 1992-  |9 1878 
245 |a Desarrollo de una herramienta computacional para el cálculo de socavación local y por contratación en puentes 
260 |a  [San José], Costa Rica  |c 2017 
300 |a xvi,158 hojas; ilustraciones algunas a color 
500 |a Proyecto de graduación (licenciatura en ingeniería civil)--Universidad de Costa Rica. Facultad de Ingeniería. Escuela de Ingeniería Civil 
501 |a Director del Proyecto de Graduación: Ing. Alberto Serrano Pacheco, Ph.D 
650 |x SOCAVACION EN PUENTES   |x METODOS DE SIMULACION   |x PUENTES  |x  PROGRAMAS PARA COMPUTADORA  |9 8116 
700 |a Serrano Pacheco, Alberto, 1976-  |d Director del TFG   |9 58 
942 |c TFG  |h TFG 7735  |i 012583  |6 TFG_7735_012583000000000 
999 |c 18258  |d 18258